00554nam a2200205Ia 4500003000400000008004100004040001600045082001600061100001900077245005600096700001500152700001700167260006300184300001000247650001500257650002200272650001200294650002300306650001900329GCL140319s9999 xx 000 0 eng d aGCL / cGCL04a892.76bM L1 aNAGUIB MAHFOUZ10aLA NOCHES DE LAS MIL YUNA NOCHES / cNAGUIB MAHFOUZ1 aFENIX, AVE1 aMAYOR, SERIE a[S.N] : bTHE AMERICAN UNIVERSITY IN CAIRO PRESS ، c1996 a251 P04aLITERATURE04aARABIC LITERATURE04aFICTION04aEGYPT - LITERATURE04aARABIC FICTION